Has Anyone Ever Done It #1 - Statistics

General Stats
  • This quiz has been taken 55,518 times
  • The average score is 12 of 15
Answer Stats
Question Answer % Correct
Fallen into a black hole No
96%
Walked on Mars No
95%
Named their child Lucifer Yes
92%
Survived falling out of a plane without a parachute (at least 1000 meters off the ground) Yes
88%
Visited all 196 official JetPunk countries Yes
88%
Died in battle as King of England Yes
84%
Gone over Niagara Falls in a barrel and survived Yes
83%
Stolen the Mona Lisa Yes
83%
Given birth to surviving octuplets Yes
83%
Recorded a hole-in-one on a par 5 hole in golf Yes
77%
Received a full body transplant (below the neck) and survived? No
76%
Dodged a bullet. As in, seen a bullet coming at them, and deliberately moved to avoid it. No
62%
Correctly predicted all the 64+ games in a college basketball "March Madness" bracket? No
58%
Swum from Australia to New Zealand, or vice versa No
52%
Conquered Switzerland Yes
36%
No matching quizzes found
Score Distribution
Percent of People with Each Score
Percentile by Number Answered
Your Score History
You have not taken this quiz